[Event "June blitz"]
[Site "SchemingMind.com"]
[Date "2015.06.01"]
[Round "-"]
[White "Stephen Woodhouse"]
[Black "Ramesh Panwar"]
[Result "0-1"]
[WhiteCountry "ENG"]
[BlackCountry "IND"]
[WhiteElo "1834"]
[WhiteRD "49"]
[BlackElo "2359"]
[BlackRD "55"]
[GameID "381421"]

1. e4 c5 2. c3 e6 3. d4 d5 4. exd5 exd5 5. Nf3 Nf6 6. Bg5 Be7 7. dxc5 O-O 8. Bd3 Bxc5 9. O-O h6 10. Bh4 Re8
11. Nbd2 Nc6 12. Nb3 Bb6 13. Nbd4 g5 14. Bg3 Ne4 15. Nxc6 bxc6 16. Bxe4 dxe4 17. Ne5 Qxd1 18. Raxd1 f5 19. h4 f4
0-1

[Event "June blitz"]
[Site "SchemingMind.com"]
[Date "2015.06.01"]
[Round "-"]
[White "Ramesh Panwar"]
[Black "Stephen Woodhouse"]
[Result "1-0"]
[WhiteCountry "IND"]
[BlackCountry "ENG"]
[WhiteElo "2359"]
[WhiteRD "55"]
[BlackElo "1834"]
[BlackRD "49"]
[GameID "381422"]

1. d4 e6 2. c4 d5 3. Nc3 c5 4. cxd5 exd5 5. Nf3 Nc6 6. g3 Nf6 7. Bg2 Be7 8. O-O O-O 9. Bf4 a6 10. Rc1 c4
11. Ne5 Be6 12. Nxc4 dxc4 13. d5 Bd7 14. dxc6 Bxc6 15. Bxc6 Qxd1 16. Rfxd1 bxc6 17. Na4 Nd5 18. Rxc4 Nxf4 19. gxf4 Rac8 20. Nb6 Rc7
21. Nd5 Rb7 22. Rxc6 a5 23. b3 Bb4 24. f5 Re8 25. e4 f6 26. Rd4 Kf7 27. Rdc4 Re5 28. h4 h6 29. Rc7+
1-0

[Event "June blitz"]
[Site "SchemingMind.com"]
[Date "2015.06.02"]
[Round "-"]
[White "Stephen Woodhouse"]
[Black "Keglevich"]
[Result "1/2-1/2"]
[WhiteCountry "ENG"]
[BlackCountry "CRO"]
[WhiteElo "1834"]
[WhiteRD "49"]
[BlackElo "1926"]
[BlackRD "105"]
[GameID "381510"]

1. e4 e5 2. Nf3 Nc6 3. d4 exd4 4. Nxd4 Nf6 5. Nc3 Bb4 6. Nxc6 bxc6 7. Bd3 d5 8. exd5 cxd5 9. O-O O-O 10. Bg5 c6
11. Qf3 Be7 12. Rae1 Re8 13. Bf5 Bxf5 14. Qxf5 Qc8 15. Qxc8 Raxc8 16. Re2 Kf8 17. Rfe1 h6 18. Bh4 g5 19. Bg3 Nh5 20. Nd1 Nxg3
21. hxg3 Bf6 22. Rxe8+ Rxe8 23. Rxe8+ Kxe8 24. f4 Kd7 25. Kf2 Ke6 26. Ke3 Kf5 27. Kf3 c5 28. c3 d4 29. cxd4 cxd4 30. g4+ Ke6
31. fxg5 hxg5 32. Ke4 Kd6 33. Nf2 Kc5 34. Nd3+=
1/2-1/2

[Event "June blitz"]
[Site "SchemingMind.com"]
[Date "2015.06.02"]
[Round "-"]
[White "Keglevich"]
[Black "Stephen Woodhouse"]
[Result "1/2-1/2"]
[WhiteCountry "CRO"]
[BlackCountry "ENG"]
[WhiteElo "1926"]
[WhiteRD "105"]
[BlackElo "1834"]
[BlackRD "49"]
[GameID "381511"]

1. e4 e6 2. d4 d5 3. Nd2 c5 4. exd5 Qxd5 5. Ngf3 cxd4 6. Bc4 Qd6 7. O-O Nf6 8. Nb3 Nc6 9. Nbxd4 Nxd4 10. Nxd4 a6
11. Re1 Qc7 12. Qe2 Bd6 13. Bg5 O-O 14. Bd3 Bxh2+ 15. Kf1 e5 16. Bxf6 gxf6 17. Nf5 Bxf5 18. Bxf5 Bf4 19. Qh5 h6 20. Re3 Bxe3
21. fxe3 Kg7 22. Qg4+ Kh8 23. Qh5=
1/2-1/2

[Event "June blitz"]
[Site "SchemingMind.com"]
[Date "2015.06.02"]
[Round "-"]
[White "Ramesh Panwar"]
[Black "Keglevich"]
[Result "1-0"]
[WhiteCountry "IND"]
[BlackCountry "CRO"]
[WhiteElo "2359"]
[WhiteRD "55"]
[BlackElo "1926"]
[BlackRD "105"]
[GameID "381512"]

1. d4 f5 2. g3 Nf6 3. Bg2 e6 4. Nf3 d5 5. O-O Bd6 6. c4 c6 7. Bg5 O-O 8. Nc3 Qe8 9. e3 b6 10. Bf4 Be7
11. cxd5 cxd5 12. a4 a6 13. Qb3 Nbd7 14. Ng5 Bd8 15. Nxd5 Nxd5 16. Bxd5 Bxg5 17. Bxa8 Bxf4 18. exf4
1-0

[Event "June blitz"]
[Site "SchemingMind.com"]
[Date "2015.06.02"]
[Round "-"]
[White "Keglevich"]
[Black "Ramesh Panwar"]
[Result "1/2-1/2"]
[WhiteCountry "CRO"]
[BlackCountry "IND"]
[WhiteElo "1926"]
[WhiteRD "105"]
[BlackElo "2359"]
[BlackRD "55"]
[GameID "381513"]

1. e4 e5 2. Nf3 Nc6 3. d4 exd4 4. Nxd4 Nf6 5. Nxc6 bxc6 6. e5 Qe7 7. Qe2 Nd5 8. c4 Ba6 9. g3 g6 10. b3 Bg7
11. Bb2 O-O 12. Bg2 Rfe8 13. O-O Bxe5 14. Qxe5 Qxe5 15. Bxe5 Rxe5 16. cxd5 cxd5 17. Rd1 c6 18. Nc3 Kg7 19. f4 Re3 20. Nxd5 cxd5
21. Rxd5 Bb7 22. Rxd7 Bxg2 23. Kxg2 Re2+ 24. Kh3 a5 25. Rd4 Rc8 26. a4= Rc5 27. Rh1 Re3 28. b4 axb4 29. Rxb4 Rc2 30. Ra1 Ree2
31. Rh1 Ra2 32. Rc4 Red2=
1/2-1/2

[Event "June blitz"]
[Site "SchemingMind.com"]
[Date "2015.06.03"]
[Round "-"]
[White "Scooter"]
[Black "Stephen Woodhouse"]
[Result "0-1"]
[WhiteCountry "USA"]
[BlackCountry "ENG"]
[WhiteElo "1726"]
[WhiteRD "46"]
[BlackElo "1834"]
[BlackRD "49"]
[GameID "381573"]

1. d4 e6 2. Nf3 d5 3. Bf4 Bd6 4. Bxd6 Qxd6 5. c3 Nf6 6. e3 c5 7. Bb5+ Bd7 8. Bxd7+ Nbxd7 9. O-O O-O 10. Nbd2 Rad8
11. Re1 e5 12. dxe5 Nxe5 13. Nxe5 Qxe5 14. Nf3 Qe7 15. Qb3 b6 16. Rad1 Rfe8 17. h3 h6 18. Qc2 Qe4 19. Qxe4 dxe4 20. Nh2 Kf8
21. Kf1 Ke7 22. Ke2 Rxd1 23. Rxd1 Rd8 24. Rxd8 Kxd8 25. Ng4 Nd7 26. c4 f5 27. Nh2 Ne5 28. f3 exf3+ 29. gxf3 Nxc4 30. b3 Ne5
31. f4 Nc6 32. Nf3 Ke7 33. a3 Na5 34. Nd2 Ke6 35. Kd3 Kd5 36. h4 b5 37. b4 c4+ 38. Kc3 Nb3 39. Nf3 Ke4 40. Ne5 Kxe3
41. Ng6 Nd4
0-1

[Event "June blitz"]
[Site "SchemingMind.com"]
[Date "2015.06.03"]
[Round "-"]
[White "Stephen Woodhouse"]
[Black "Scooter"]
[Result "0-1"]
[WhiteCountry "ENG"]
[BlackCountry "USA"]
[WhiteElo "1834"]
[WhiteRD "49"]
[BlackElo "1726"]
[BlackRD "46"]
[GameID "381574"]

1. e4 c6 2. d4 d5 3. exd5 cxd5 4. c4 Nf6 5. Nc3 e6 6. Nf3 Be7 7. cxd5 Nxd5 8. Bd3 Bb4 9. Bd2 Nxc3 10. bxc3 Be7
11. Qe2 O-O 12. Qe4 g6 13. Bh6 Re8 14. h4 Bf8 15. Bxf8 Rxf8 16. h5 Nd7 17. hxg6 hxg6 18. Ne5 Qg5 19. f4 Qg3+ 20. Ke2 Nxe5
21. dxe5 Rb8 22. Rh3 Qg4+ 23. Qf3 Qxf3+ 24. Kxf3 Kg7 25. Rah1 Rg8 26. Rh7+ Kf8 27. Be4 Bd7 28. R1h6 Bc6 29. Rh1 Bxe4+ 30. Kxe4 Rc8
31. Kd4 Ke7 32. g4 Rgd8+ 33. Ke4 Rc4+ 34. Ke3 Rxc3+ 35. Ke2 Rc2+ 36. Ke3 Rxa2 37. f5 gxf5 38. gxf5 exf5 39. Kf4 Rd4+ 40. Kxf5 Rf2+
41. Kg5 a5 42. Rc1 b5 43. Rc5 Rb2 44. Rc7+ Rd7 45. Rxf7+ Kxf7 46. Rxd7+ Ke6 47. Ra7 a4 48. Kf4 Rb4+ 49. Ke3 Kxe5 50. Kd3 Rb3+
51. Kc2 Kd4 52. Rc7 Rb4 53. Rd7+ Kc5 54. Rc7+ Kb6 55. Rh7 a3 56. Rh8 Ra4 57. Rh6+ Ka5 58. Kb1 Rc4 59. Rh8 Ka4 60. Ka2 Rc2+
61. Kb1 Kb3 62. Rh3+ Rc3 63. Rh1 b4 64. Ka1 Ka4 65. Rh8 Rc1+ 66. Ka2 b3#
0-1

[Event "June blitz"]
[Site "SchemingMind.com"]
[Date "2015.06.03"]
[Round "-"]
[White "Scooter"]
[Black "Ramesh Panwar"]
[Result "0-1"]
[WhiteCountry "USA"]
[BlackCountry "IND"]
[WhiteElo "1726"]
[WhiteRD "46"]
[BlackElo "2359"]
[BlackRD "55"]
[GameID "381575"]

1. d4 Nf6 2. Nf3 e6 3. Bg5 d5 4. e3 c5 5. Bb5+ Bd7 6. Bxd7+ Nbxd7 7. c3 Bd6 8. O-O O-O 9. Nbd2 Qc7 10. h3 Rac8
11. Bxf6 Nxf6 12. Re1 Rfd8 13. Rc1 h6 14. dxc5 Bxc5 15. Nb3 Be7 16. Nbd4 g6 17. Nb5 Qa5 18. Qb3 Nd7 19. Nbd4 e5 20. Ne2 e4
21. Nfd4 Nc5
0-1

[Event "June blitz"]
[Site "SchemingMind.com"]
[Date "2015.06.03"]
[Round "-"]
[White "Ramesh Panwar"]
[Black "Scooter"]
[Result "1-0"]
[WhiteCountry "IND"]
[BlackCountry "USA"]
[WhiteElo "2359"]
[WhiteRD "55"]
[BlackElo "1726"]
[BlackRD "46"]
[GameID "381576"]

1. c4 Nf6 2. d4 g6 3. Nc3 Bg7 4. e4 d6 5. Nf3 Bg4 6. Be2 O-O 7. Be3 Nbd7 8. h3 Bxf3 9. Bxf3 c6 10. O-O e5
11. dxe5 Nxe5 12. Be2 Re8 13. Qd2 Qe7 14. Rfd1 Rad8 15. Rab1 Ned7 16. Qxd6 Qxd6 17. Rxd6 Nxe4 18. Nxe4 Rxe4 19. Rbd1 Re7 20. b4 Kf8
21. Bg4 f5 22. Bf3 Be5 23. R6d3 b6 24. Bxc6
1-0

[Event "June blitz"]
[Site "SchemingMind.com"]
[Date "2015.06.03"]
[Round "-"]
[White "Scooter"]
[Black "Keglevich"]
[Result "1/2-1/2"]
[WhiteCountry "USA"]
[BlackCountry "CRO"]
[WhiteElo "1726"]
[WhiteRD "46"]
[BlackElo "1926"]
[BlackRD "105"]
[GameID "381577"]

1. d4 c5 2. e4 cxd4 3. Nf3 Nc6 4. Nxd4 e6 5. Nc3 Qc7 6. Nxc6 bxc6 7. b3 g6 8. Bb2 Bg7 9. Bd3 d5 10. O-O Nf6
11. exd5 exd5 12. Re1+ Be6 13. Na4 O-O 14. Nc5 Bd7 15. Re7 Rfe8 16. Be5 Qd8 17. Rxe8+ Qxe8 18. Nxd7 Nxd7 19. Bxg7 Kxg7 20. Qe2 Qxe2
21. Bxe2 Re8 22. Kf1 Nb6=
1/2-1/2

[Event "June blitz"]
[Site "SchemingMind.com"]
[Date "2015.06.11"]
[Round "-"]
[White "emvarela"]
[Black "Scooter"]
[Result "1/2-1/2"]
[WhiteCountry "ARG"]
[BlackCountry "USA"]
[WhiteElo "1740"]
[WhiteRD "48"]
[BlackElo "1712"]
[BlackRD "45"]
[GameID "381696"]

1. e4 c6 2. d4 d5 3. exd5 cxd5 4. c4 Nf6 5. Nc3 Nc6 6. cxd5 Nxd5 7. Nxd5 Qxd5 8. Be3 g6 9. Nf3 Bg4 10. Be2 Bg7
11. h3 Bxf3 12. Bxf3 Qa5+ 13. Qd2 Qxd2+ 14. Kxd2 Nxd4 15. Bxd4 Bxd4 16. Bxb7 Rb8 17. Bc6+ Kf8 18. Rab1 Rxb2+ 19. Rxb2 Bxb2 20. Rb1 Bd4
21. f3 Kg7 22. Rb7 Rd8 23. Rd7 Bb6 24. Rxd8 Bxd8 25. Kd3 Bb6 26. a4 f5 27. Bd5 Kf6 28. Bc4 h6 29. g4 f4 30. Ke4 e5
31. h4 g5 32. h5 a5 33. Bd5 Bc5 34. Bc4 Bd6 35. Bd5 Ke7 36. Kf5 Ke8 37. Kf6 Bf8= 38. Kxe5 Ke7 39. Kf5 Kd6 40. Bb3 Ke7
41. Kg6 Ke8 42. Kf6 Be7+ 43. Ke6 Bf8 44. Kf6 Be7+ 45. Kg6 Bf8 46. Bc4 Ke7 47. Bd5=
1/2-1/2

[Event "June blitz"]
[Site "SchemingMind.com"]
[Date "2015.06.11"]
[Round "-"]
[White "Scooter"]
[Black "emvarela"]
[Result "0-1"]
[WhiteCountry "USA"]
[BlackCountry "ARG"]
[WhiteElo "1712"]
[WhiteRD "45"]
[BlackElo "1740"]
[BlackRD "48"]
[GameID "381697"]

1. d4 Nf6 2. Nf3 g6 3. Bf4 Bg7 4. e3 d6 5. Be2 O-O 6. O-O c5 7. c3 cxd4 8. exd4 Bg4 9. h3 Bxf3 10. Bxf3 Nc6
11. Nd2 Qc7 12. Re1 e6 13. Nc4 Ne8 14. Bxc6 Qxc6 15. Ne3 d5 16. Ng4 Nd6 17. Ne5 Bxe5 18. Bxe5 f6 19. Bxd6 Qxd6 20. Qg4 f5
21. Qe2 Rfe8 22. Qe5 Qxe5 23. Rxe5 Kf7 24. Rae1 Rad8 25. f4 b5= 26. b4 Rc8 27. R1e3 Rc4 28. Kf2 a5 29. bxa5 Ra4 30. Re2 Rxa5
31. g4 Ra3 32. Rc2 Rea8 33. Ree2 Rc8 34. Re3 b4 35. Ke2 Rc4 36. Kd2 bxc3+ 37. Kd3 fxg4 38. hxg4 Raa4 39. f5 Rxd4+ 40. Kxc3 Rac4+
41. Kb3 Rxc2 42. fxe6+ Ke7 43. Kxc2 Rxg4 44. Kb3 Re4 45. Rxe4 dxe4 46. a4 Kxe6 47. a5 Kd6 48. a6 Kc6
0-1

[Event "June blitz"]
[Site "SchemingMind.com"]
[Date "2015.06.11"]
[Round "-"]
[White "emvarela"]
[Black "Stephen Woodhouse"]
[Result "0-1"]
[WhiteCountry "ARG"]
[BlackCountry "ENG"]
[WhiteElo "1740"]
[WhiteRD "48"]
[BlackElo "1872"]
[BlackRD "48"]
[GameID "381698"]

1. e4 e6 2. d4 d5 3. Nc3 Nf6 4. e5 Nfd7 5. f4 c5 6. Nf3 Nc6 7. Be3 cxd4 8. Nxd4 Bc5 9. Qd2 Nxd4 10. Bxd4 Bxd4
11. Qxd4 Qb6 12. Qxb6 Nxb6 13. Bb5+ Bd7 14. Bxd7+ Kxd7 15. O-O-O a6 16. Ne4 Ke7 17. Nc5 Rab8 18. b3 Rhc8 19. Nd3 Rc3 20. Rd2 Rbc8
21. Nb4 Nd7 22. Kb2 R3c7 23. Rc1 Nc5 24. c4 Nd7 25. Nd3 dxc4 26. bxc4 Rxc4 27. Rxc4 Rxc4 28. g3 Nb6 29. Rc2 Rxc2+ 30. Kxc2 Nc4
31. Kc3 Ne3 32. h4 h5 33. Nf2 Nf5 34. Ne4 f6 35. exf6+ gxf6 36. Kb4 b6 37. a4 Nd6 38. Nxd6 Kxd6 39. Kc4 e5
0-1

[Event "June blitz"]
[Site "SchemingMind.com"]
[Date "2015.06.11"]
[Round "-"]
[White "Stephen Woodhouse"]
[Black "emvarela"]
[Result "1-0"]
[WhiteCountry "ENG"]
[BlackCountry "ARG"]
[WhiteElo "1872"]
[WhiteRD "48"]
[BlackElo "1740"]
[BlackRD "48"]
[GameID "381699"]

1. e4 e5 2. Nf3 Nc6 3. d4 exd4 4. Nxd4 Qh4 5. Nb5 Qxe4+ 6. Be2 Qxg2 7. Bf3 Qg6 8. Nxc7+ Kd8 9. Nxa8 Bc5 10. Bf4 d6
11. Nc3 Bf5 12. Nb5 Bxc2 13. Qd5 Bb4+ 14. Kf1 Bd3+ 15. Be2 Be4 16. Qg5+ Qxg5 17. Bxg5+ f6 18. f3 Bxf3 19. Bxf3 fxg5 20. Rd1 Nge7
21. Nxd6 Bxd6 22. Rxd6+ Ke8 23. Nc7+ Kf7 24. Kg2 Ne5 25. Rf1 Rc8 26. Bd5#
1-0

[Event "June blitz"]
[Site "SchemingMind.com"]
[Date "2015.06.11"]
[Round "-"]
[White "emvarela"]
[Black "Ramesh Panwar"]
[Result "0-1"]
[WhiteCountry "ARG"]
[BlackCountry "IND"]
[WhiteElo "1740"]
[WhiteRD "48"]
[BlackElo "2393"]
[BlackRD "58"]
[GameID "381700"]

1. e4 c5 2. Nf3 d6 3. d4 cxd4 4. Nxd4 Nf6 5. Nc3 e5 6. Bb5+ Nbd7 7. Bxd7+ Bxd7 8. Nb3 h6 9. Be3 Be7 10. Nd5 Nxe4
11. Qf3 Nf6 12. Nxe7 Qxe7 13. Qxb7 O-O 14. Qf3 Bb5 15. O-O-O Rfc8 16. Rd2 a5 17. Rhd1 a4 18. Na1 Qe6 19. c3 e4 20. Qg3 Qxa2
21. Nc2 a3 22. Nb4 Qa1+
0-1

[Event "June blitz"]
[Site "SchemingMind.com"]
[Date "2015.06.11"]
[Round "-"]
[White "Ramesh Panwar"]
[Black "emvarela"]
[Result "1-0"]
[WhiteCountry "IND"]
[BlackCountry "ARG"]
[WhiteElo "2393"]
[WhiteRD "58"]
[BlackElo "1740"]
[BlackRD "48"]
[GameID "381701"]

1. d4 Nf6 2. c4 e6 3. Nf3 c5 4. d5 b5 5. dxe6 dxe6 6. Qxd8+ Kxd8 7. Ne5 Ke7 8. cxb5 Bb7 9. f3 Nbd7 10. Nxd7 Nxd7
11. e4 Nb6 12. a4 a5 13. Be3 Kf6 14. Nd2 Be7 15. Nb3 Rhc8 16. Bd2 c4 17. Bc3+ Kg6 18. Nxa5 Rxa5 19. Bxa5 Nxa4 20. Rxa4 Ra8
21. Kd1 Bd8 22. Bxd8 Rxa4 23. Kc2 Ra1 24. Bb6 e5 25. Rg1 f5 26. Bxc4 Rxg1 27. Bxg1 fxe4 28. fxe4 Bxe4+ 29. Bd3 Bxd3+ 30. Kxd3
1-0

[Event "June blitz"]
[Site "SchemingMind.com"]
[Date "2015.06.11"]
[Round "-"]
[White "emvarela"]
[Black "Keglevich"]
[Result "1-0"]
[WhiteCountry "ARG"]
[BlackCountry "CRO"]
[WhiteElo "1740"]
[WhiteRD "48"]
[BlackElo "1807"]
[BlackRD "96"]
[GameID "381702"]

1. e4 e5 2. Nf3 Nc6 3. Bb5 Nf6 4. O-O Nxe4 5. Re1 Nd6 6. Nxe5 Be7 7. Bxc6 dxc6 8. Nf3 O-O 9. d3 Bg4 10. h3 Bh5
11. g4 Bg6 12. Bf4 f5 13. Ne5 fxg4 14. Nxg6 hxg6 15. Qxg4 Bf6 16. Bxd6
1-0

[Event "June blitz"]
[Site "SchemingMind.com"]
[Date "2015.06.11"]
[Round "-"]
[White "Keglevich"]
[Black "emvarela"]
[Result "0-1"]
[WhiteCountry "CRO"]
[BlackCountry "ARG"]
[WhiteElo "1807"]
[WhiteRD "96"]
[BlackElo "1740"]
[BlackRD "48"]
[GameID "381703"]

1. e4 e5 2. Nf3 Nc6 3. Bb5 a6 4. Bxc6 dxc6 5. O-O Bd6 6. d4 exd4 7. Qxd4 f6 8. Nc3 Be6 9. e5 c5 10. Qe4 fxe5
11. Qxb7 Ne7 12. Ng5 Qc8 13. Qe4 Bf5 14. Qe2 Bg4 15. Qc4 Rf8 16. Nxh7 Rf7
0-1

[Event "June blitz"]
[Site "SchemingMind.com"]
[Date "2015.06.12"]
[Round "-"]
[White "emvarela"]
[Black "Sully7"]
[Result "1-0"]
[WhiteCountry "ARG"]
[BlackCountry "IRL"]
[WhiteElo "1740"]
[WhiteRD "48"]
[BlackElo "1572"]
[BlackRD "65"]
[GameID "381852"]

1. e4 e5 2. Nf3 Nf6 3. Nxe5 d6 4. Nf3 Nc6 5. Nc3 g6 6. d4 Bg4 7. Be3 Bg7 8. h3 Bxf3 9. Qxf3 O-O 10. O-O-O Nb4
11. a3 a5 12. axb4 axb4 13. Nb1 Re8 14. Bg5 c5 15. dxc5 Qa5 16. Bd3 Qxc5 17. Be3 Qc6 18. Bd2 b3 19. Bc3 Nxe4 20. Bxg7 Kxg7
21. Bxe4 Rxe4 22. Qxb3 Re2 23. Qc3+ Qxc3 24. bxc3
1-0

[Event "June blitz"]
[Site "SchemingMind.com"]
[Date "2015.06.08"]
[Round "-"]
[White "Scooter"]
[Black "Sully7"]
[Result "1-0"]
[WhiteCountry "USA"]
[BlackCountry "IRL"]
[WhiteElo "1726"]
[WhiteRD "46"]
[BlackElo "1666"]
[BlackRD "66"]
[GameID "381854"]

1. d4 b6 2. Nf3 Bb7 3. Bf4 e6 4. e3 Nf6 5. h3 d5 6. Be2 Bd6 7. Bxd6 Qxd6 8. c3 O-O 9. O-O Nbd7 10. Nbd2 c5
11. Qc2 c4 12. b3 b5 13. b4 a5 14. a3 axb4 15. axb4 Rxa1 16. Rxa1 Ra8 17. Rxa8+ Bxa8 18. Qa2 Nb6 19. Qa6 Qc6 20. Ne5 Qb7
21. Qxb5 Nbd7 22. Qa5 g6 23. Nxd7 Nxd7 24. Nf3 Qc6 25. Bd1 Nb8 26. Ne5 Qa6 27. Qd8+ Kg7 28. Qxb8 Qa1 29. Kh2 Qxd1 30. Qxa8 Qe1
31. Kg3 Kf6 32. Qd8+ Kf5 33. h4 f6 34. Ng4 h5 35. Qxf6+
1-0

[Event "June blitz"]
[Site "SchemingMind.com"]
[Date "2015.06.08"]
[Round "-"]
[White "Sully7"]
[Black "Scooter"]
[Result "1/2-1/2"]
[WhiteCountry "IRL"]
[BlackCountry "USA"]
[WhiteElo "1666"]
[WhiteRD "66"]
[BlackElo "1726"]
[BlackRD "46"]
[GameID "381855"]

1. e4 c6 2. d4 d5 3. Nc3 dxe4 4. Nxe4 Bf5 5. Bd3 Bxe4 6. Bxe4 Nf6 7. Qd3 Nbd7 8. Nf3 Nxe4 9. Qxe4 e6 10. O-O Qc7
11. Bf4 Bd6 12. Bxd6 Qxd6 13. Ng5 Nf6 14. Qh4 h6 15. c3 O-O 16. Ne4 Nxe4 17. Qxe4=
1/2-1/2

[Event "June blitz"]
[Site "SchemingMind.com"]
[Date "2015.06.08"]
[Round "-"]
[White "Sully7"]
[Black "Stephen Woodhouse"]
[Result "1/2-1/2"]
[WhiteCountry "IRL"]
[BlackCountry "ENG"]
[WhiteElo "1666"]
[WhiteRD "66"]
[BlackElo "1834"]
[BlackRD "49"]
[GameID "381856"]

1. e4 e6 2. Nf3 d5 3. Bb5+ Bd7 4. Bxd7+ Qxd7 5. Nc3 dxe4 6. Nxe4 Be7 7. O-O Nf6 8. d3 Nxe4 9. dxe4 Qxd1 10. Rxd1 Nd7
11. Bg5 Bxg5 12. Nxg5 h6 13. Nf3 O-O-O=
1/2-1/2

[Event "June blitz"]
[Site "SchemingMind.com"]
[Date "2015.06.08"]
[Round "-"]
[White "Stephen Woodhouse"]
[Black "Sully7"]
[Result "1-0"]
[WhiteCountry "ENG"]
[BlackCountry "IRL"]
[WhiteElo "1834"]
[WhiteRD "49"]
[BlackElo "1666"]
[BlackRD "66"]
[GameID "381857"]

1. e4 b6 2. d4 Bb7 3. Nc3 e6 4. Bd3 Bb4 5. Nf3 Bxc3+ 6. bxc3 c5 7. O-O Nc6 8. Be3 d6 9. Re1 e5 10. Bb5 Nf6
11. d5 a6 12. dxc6 axb5 13. cxb7 Rb8 14. Bg5 O-O 15. Bxf6 Qxf6 16. Qd5 Qe7 17. a4 bxa4 18. Rxa4 Rxb7 19. Rea1 b5 20. Ra8 b4
21. Rxf8+
1-0

[Event "June blitz"]
[Site "SchemingMind.com"]
[Date "2015.06.08"]
[Round "-"]
[White "Sully7"]
[Black "Ramesh Panwar"]
[Result "0-1"]
[WhiteCountry "IRL"]
[BlackCountry "IND"]
[WhiteElo "1666"]
[WhiteRD "66"]
[BlackElo "2359"]
[BlackRD "55"]
[GameID "381858"]

1. e4 c5 2. Nf3 Nc6 3. Bb5 e6 4. Bxc6 bxc6 5. e5 f6 6. O-O Qc7 7. d4 cxd4 8. Bf4 c5 9. c4 Bb7 10. Nbd2 Ne7
11. Qc2 Ng6 12. Bg3 fxe5 13. Ne4 Be7 14. Rae1 O-O 15. Nxe5 Nxe5 16. Bxe5 Qxe5 17. f4 Rxf4 18. Rxf4 Qxf4 19. Ng3 Rf8 20. Rf1 Qe3+
21. Kh1 Rxf1+ 22. Nxf1 Qe1 23. Kg1 Bg5 24. Qf2 Be3
0-1

[Event "June blitz"]
[Site "SchemingMind.com"]
[Date "2015.06.08"]
[Round "-"]
[White "Ramesh Panwar"]
[Black "Sully7"]
[Result "1-0"]
[WhiteCountry "IND"]
[BlackCountry "IRL"]
[WhiteElo "2359"]
[WhiteRD "55"]
[BlackElo "1666"]
[BlackRD "66"]
[GameID "381859"]

1. d4 d5 2. c4 Bf5 3. cxd5 Bxb1 4. Rxb1 Qxd5 5. e3 Qxa2 6. Bd2 Nc6 7. b4 e6 8. b5 Qd5 9. bxc6 Qxc6 10. Bb5 Ne7
11. Bxc6+ bxc6 12. Nf3 a5 13. Qb3 Nd5 14. Qb7
1-0

[Event "June blitz"]
[Site "SchemingMind.com"]
[Date "2015.06.08"]
[Round "-"]
[White "Sully7"]
[Black "Keglevich"]
[Result "0-1"]
[WhiteCountry "IRL"]
[BlackCountry "CRO"]
[WhiteElo "1666"]
[WhiteRD "66"]
[BlackElo "1926"]
[BlackRD "105"]
[GameID "381860"]

1. e4 e5 2. Nf3 Nc6 3. Bc4 Bc5 4. O-O Nf6 5. b3 Nxe4 6. Bxf7+ Kxf7 7. Nxe5+ Nxe5 8. Qh5+ Ng6 9. Qf5+ Qf6 10. Qxe4 Qxa1
11. Nc3 d6 12. Qd5+ Be6 13. Qxb7 Rhf8 14. Qxc7+ Kg8 15. Re1 Bxf2+
0-1

[Event "June blitz"]
[Site "SchemingMind.com"]
[Date "2015.06.08"]
[Round "-"]
[White "Keglevich"]
[Black "Sully7"]
[Result "0-1"]
[WhiteCountry "CRO"]
[BlackCountry "IRL"]
[WhiteElo "1926"]
[WhiteRD "105"]
[BlackElo "1666"]
[BlackRD "66"]
[GameID "381861"]

1. e4 b6 2. d4 Bb7 3. Nc3 e6 4. a3 d6 5. Nf3 Nd7 6. Bd3 e5 7. O-O exd4 8. Nxd4 Ngf6 9. Bg5 Be7 10. Nf5 Ne5
11. Nxg7+ Kd7 12. Bb5+ c6 13. f4 cxb5 14. fxe5 Nxe4 15. Nxe4 Bxg5 16. Nxg5 Qxg5 17. Rxf7+ Kc6
0-1